000 00972cam a2200157 4500
001 ##L133423
008 060508n 000 0 eng u
035 _a(Sirsi) u133423
041 0 _aeng
110 2 _aChartered Institute of Building
_92134
245 0 0 _aCalling all consultants
520 _aA new scheme has been launched aimed at encouraging and facilitating corporate social responsibility amongst property related consultants. Property Advice for London will provide a match-making service for London-based registered charities. They will be able to get free property and construction consultancy on everything from refurbishments, leasing, relocation and service charges. The scheme will be run by CIC London (Construction Industry Council) and the Royal Institution of Chartered Surveyors, and sponsored by Barclays Bank.
690 _aBlock management
_96220
856 4 0 _uwww.ciob.org.uk
_zView the website free of charge at www.ciob.org.uk...
942 _n0
999 _c120486
_d120486